| 000 | 00620nam a22002057a 4500 | ||
|---|---|---|---|
| 005 | 20180426161643.0 | ||
| 010 | _aENG-122686 | ||
| 020 |
_a9788123710327 _c100.00 |
||
| 035 | _aEN-106218 | ||
| 037 | _bDBAD/PUB. | ||
| 082 | _a598 | ||
| 100 | _aSalim Ali | ||
| 245 |
_aCommon Birds / _cby Salim Ali [and] Laeeq Futehally |
||
| 250 | _a2nd edn. | ||
| 260 |
_aNew Delhi _bNational Book Trust _c2015 |
||
| 270 |
_aNehru Bhawan, 5 Institutional Area, Phase-II, Vasant Kunj, _bNew Delhi _e110070 |
||
| 300 |
_a126p. _c22cm(pbk) _bill. |
||
| 700 | _a Futehally, Laeeq | ||
| 942 |
_2ddc _cEN _h598 _mSAL |
||
| 999 |
_c147948 _d147948 |
||